Robert Vlasák /

Hlavní autor: Vlasák, Robert, 1978-
Další autoři: Netopil, Pavel, 1958-
Jazyk: Čeština
Angličtina
Vydáno: V Ústí nad Labem : Fakulta umění a designu Univerzity Jana Evangelisty Purkyně, c2010
Edice: Projekty = Projects
Témata:
Fyzický popis: 47 s. : il. (převážně barev.) ; 24 cm
Language note: Část. anglický text
Knihy
Uloženo v:
LEADER 02321nam a2200613 a 4500
001 nkc20112173564
003 CZ PrNK
005 20111025081329.0
007 ta
008 110309s2010 xr a e c 000 0dcze
015 |a cnb002173564 
020 |a 978-80-7414-304-5  |q (brož.) 
035 |a (OCoLC)761168590 
040 |a BOA001  |b cze  |d ABA001 
041 0 |a cze  |a eng 
043 |a e-xr--- 
045 |a x9y1 
072 7 |a 72/76  |x Výtvarné umění  |2 Konspekt  |9 21 
080 |a 730(437.3)  |2 MRF 
080 |a 7.038.544  |2 MRF 
080 |a 7.038.55  |2 MRF 
080 |a 7.036/.038  |2 MRF 
080 |a (437.3)  |2 MRF 
080 |a (083.824)  |2 MRF 
100 1 |a Vlasák, Robert,  |d 1978-  |7 jo2003193341  |4 art 
245 1 0 |a Robert Vlasák /  |c [publikace Pavel Netopil ; fotografie Robert Vlasák, Michal Novotný] 
260 |a V Ústí nad Labem :  |b Fakulta umění a designu Univerzity Jana Evangelisty Purkyně,  |c c2010 
300 |a 47 s. :  |b il. (převážně barev.) ;  |c 24 cm 
490 1 |a Projekty =  |a Projects 
500 |a Životopisná data a přehled výstav 
500 |a 300 výt. 
504 |a Obsahuje bibliografické odkazy 
546 |a Část. anglický text 
600 1 7 |a Vlasák, Robert,  |d 1978-  |7 jo2003193341  |2 czenas 
648 7 |a 20.-21. století  |7 ch462155  |2 czenas 
648 4 |a 1998-2010 
650 0 7 |a české sochařství  |7 ph128152  |y 20.-21. stol.  |2 czenas 
650 0 7 |a objekty (umění)  |7 ph123590  |z Česko  |2 czenas 
650 0 7 |a instalace (umění)  |7 ph121119  |z Česko  |2 czenas 
650 0 7 |a moderní umění  |7 ph115340  |z Česko  |2 czenas 
650 0 9 |a Czech sculpture  |y 20th-21st centuries  |2 eczenas 
650 0 9 |a objects (art)  |z Czechia  |2 eczenas 
650 0 9 |a installations (art)  |z Czechia  |2 eczenas 
650 0 9 |a modern art  |z Czechia  |2 eczenas 
655 7 |a katalogy výstav  |7 fd132536  |2 czenas 
655 9 |a exhibition catalogs  |2 eczenas 
700 1 |a Netopil, Pavel,  |d 1958-  |7 mzk2004228217  |4 wfw 
810 2 |a Univerzita J.E. Purkyně v Ústí nad Labem.  |b Fakulta umění a designu.  |t Projekty  |0 s 
910 2 |a BOA001  |b 2-1273.175 
928 9 |a Univerzita J.E. Purkyně v Ústí nad Labem, Fakulta umění a designu 
990 |a BK 
995 |a 01 
991 |b 201110  |c NOV  |e n 
996 6 |b 2610490134  |c 2-1273.175  |l MZK  |r Sklad / do 1 hodiny  |n 0  |p p.v.  |w 001205514  |u 000010  |a 1  |e BOA001  |j MZK50  |s P